000 00688nam a2200169Ia 4500
003 IN-BaIIA
008 211028s9999 xx 000 0 eng d
040 _cIIA Library
080 _a523.9
_bTHE
100 _aJordan, S.
_912348
245 4 _aThe sun as a star
_cJordan S.
260 _aWashington
_bNational Aeronautics and Space Administration
_c1981
300 _aliv, 518p.
490 _aMonograph series on nonthermal phenomena in stellar atmospheres
650 _aSolar atmosphere, Solar flares, Solar stellar, Astrophysics,Sunspots, Chromosphere, Solar magnetic field, Radiative transfer, nonthermal phenomena
_912349
942 _cBK
999 _c7207
_d7207